000 00540nam a2200193Ia 4500
003 GCL
008 140319s9999 xx 000 0 ara d
040 _aGCL /
_cGCL
082 0 4 _a338.962
_bج و
100 1 _aجمهورية مصر العربية
245 1 0 _aورقة اكتوبر /
_cجمهورية مصر العربية
300 _a65 ص
490 _a
650 0 4 _aمصر
650 0 4 _aالتنمية الاجتماعية
650 0 4 _aالقومية العربية
650 0 4 _aحرب اكتوبر 1973
942 _2ddc
_cBK
999 _c39976
_d39976